Transpersonal psychology and the interpretation of history: a reading of the Gettysburg address (Record no. 64717)

000 -LEADER
fixed length control field 00395pab a2200133 454500
008 - FIXED-LENGTH DATA ELEMENTS--GENERAL INFORMATION
fixed length control field 180718b2004 xxu||||| |||| 00| 0 eng d
100 ## - MAIN ENTRY--PERSONAL NAME
Personal name Ryan, Mark B.
245 ## - TITLE STATEMENT
Title Transpersonal psychology and the interpretation of history: a reading of the Gettysburg address
260 ## - PUBLICATION, DISTRIBUTION, ETC.
Date of publication, distribution, etc. 2004
300 ## - PHYSICAL DESCRIPTION
Extent p.1-17.
650 ## - SUBJECT ADDED ENTRY--TOPICAL TERM
Topical term or geographic name entry element Psychology
773 ## - HOST ITEM ENTRY
Main entry heading Journal of Transpersonal Psychology
909 ## -
-- 64717
Holdings
Withdrawn status Lost status Damaged status Not for loan Permanent Location Current Location Date acquired Serial Enumeration / chronology Barcode Date last seen Price effective from Koha item type
        Indian Institute of Public Administration Indian Institute of Public Administration 2018-07-19 Volume no: 36, Issue no: 1 AR65169 2018-07-19 2018-07-19 Articles

Powered by Koha